Tristram Shandy : an authoritative text, the author on the novel, criticism /

Bibliographic Details
Main Author: Sterne, Laurence, 1713-1768
Other Authors: Anderson, Howard (Howard Peter)
Format: Book
Language:English
Published: New York : Norton, [1980]
Edition:1st ed.
Series:Norton critical edition.
Subjects:

MARC

Tag First Indicator Second Indicator Subfields
LEADER 00000pam a2200000 i 4500
001 in00000095672
005 20150925085510.0
008 790110s1980 nyua b 00010 eng
010 |a  79000277  
020 |a 0393950344 
035 |a (OCoLC)04591286 
035 |9 AAL1889AM 
040 |a DLC  |c DLC  |d TXA  |d UtOrBLW 
049 |a TXAM  |c [1191407] 
050 0 0 |a PR3714.T73  |b A5 1980 
082 0 |a 823/.6 
100 1 |a Sterne, Laurence,  |d 1713-1768. 
240 1 0 |a Life and opinions of Tristram Shandy, gentleman 
245 1 0 |a Tristram Shandy :  |b an authoritative text, the author on the novel, criticism /  |c Laurence Sterne ; edited by Howard Anderson. 
250 |a 1st ed. 
264 1 |a New York :  |b Norton,  |c [1980] 
264 4 |c ©1980 
300 |a xv, 650 pages :  |b illustrations ;  |c 22 cm. 
336 |a text  |b txt  |2 rdacontent 
337 |a unmediated  |b n  |2 rdamedia 
338 |a volume  |b nc  |2 rdacarrier 
490 1 |a A Norton critical edition 
504 |a Bibliography: pages 649-650. 
600 1 0 |a Sterne, Laurence,  |d 1713-1768.  |t Life and opinions of Tristram Shandy, gentleman. 
700 1 |a Anderson, Howard  |q (Howard Peter) 
830 0 |a Norton critical edition. 
999 |a MARS 
999 f f |s ad32c5fa-1251-3017-9d07-b53ee7c1573b  |i 208b1e89-70fa-33b9-a165-37f9190acc7b  |t 0 
952 f f |p normal  |a Texas A&M University  |b College Station  |c Sterling C. Evans Library  |d Evans: Library Stacks  |t 0  |e PR3714.T73 A5 1980  |h Library of Congress classification  |i unmediated -- volume  |m A14803932504 
998 f f |a PR3714.T73 A5 1980  |t 0  |l Evans: Library Stacks